<?xml version="1.0" encoding="UTF-8"?>
<record
    xmlns:xsi="http://www.w3.org/2001/XMLSchema-instance"
    xsi:schemaLocation="http://www.loc.gov/MARC21/slim http://www.loc.gov/standards/marcxml/schema/MARC21slim.xsd"
    xmlns="http://www.loc.gov/MARC21/slim">

  <leader>03851nam a2200373   4500</leader>
  <controlfield tag="001">27767</controlfield>
  <controlfield tag="003">Biblioteca APEC</controlfield>
  <controlfield tag="005">20251014134039.0</controlfield>
  <controlfield tag="008">000000t2014    dr ||||| |||| 00| 0 spa d</controlfield>
  <datafield tag="040" ind1=" " ind2=" ">
    <subfield code="c">Biblioteca UNAPEC</subfield>
    <subfield code="a">Biblioteca UNAPEC</subfield>
    <subfield code="b">spa</subfield>
    <subfield code="e">rda</subfield>
  </datafield>
  <datafield tag="041" ind1=" " ind2=" ">
    <subfield code="a">spa</subfield>
  </datafield>
  <datafield tag="072" ind1=" " ind2=" ">
    <subfield code="a">Facultad de Humanidades</subfield>
  </datafield>
  <datafield tag="090" ind1=" " ind2=" ">
    <subfield code="a">TPG-C1 MAS-06 2014</subfield>
  </datafield>
  <datafield tag="100" ind1="1" ind2=" ">
    <subfield code="a">Solano Rodr&#xED;guez, Celenia Maribel</subfield>
    <subfield code="9">11966</subfield>
    <subfield code="e">autor</subfield>
  </datafield>
  <datafield tag="245" ind1="1" ind2="0">
    <subfield code="a">Propuesta de estrategia para la identificaci&#xF3;n, resoluci&#xF3;n y las aplicaciones de ecuaciones trascendentes /</subfield>
    <subfield code="c">Celenia Maribel Solano Rodr&#xED;guez; Asesor: Carlos Robert Valdez Coats</subfield>
  </datafield>
  <datafield tag="260" ind1=" " ind2=" ">
    <subfield code="a">Santo Domingo, DO :</subfield>
    <subfield code="b">Universidad APEC,</subfield>
    <subfield code="c">2014</subfield>
  </datafield>
  <datafield tag="300" ind1=" " ind2=" ">
    <subfield code="a">ix, 78, 27 h. :</subfield>
    <subfield code="b">+ 1 CD ROM</subfield>
  </datafield>
  <datafield tag="336" ind1=" " ind2=" ">
    <subfield code="a">Texto</subfield>
    <subfield code="b">txt</subfield>
    <subfield code="2">rdacontent</subfield>
  </datafield>
  <datafield tag="337" ind1=" " ind2=" ">
    <subfield code="a">sin mediaci&#xF3;n</subfield>
    <subfield code="b">n</subfield>
    <subfield code="2">rdamedia</subfield>
  </datafield>
  <datafield tag="338" ind1=" " ind2=" ">
    <subfield code="a">volumen</subfield>
    <subfield code="b">nc</subfield>
    <subfield code="2">rdacarrier</subfield>
  </datafield>
  <datafield tag="500" ind1=" " ind2=" ">
    <subfield code="a">CAMPUS I</subfield>
  </datafield>
  <datafield tag="500" ind1=" " ind2=" ">
    <subfield code="a">Tesis en Formato PDF
Tesis en Formato Electr&#xF3;nico
Tesis en Formato Digital</subfield>
  </datafield>
  <datafield tag="502" ind1=" " ind2=" ">
    <subfield code="a">Tesis (Maestr&#xED;a en Matem&#xE1;tica Superior) - Universidad APEC, 2014</subfield>
  </datafield>
  <datafield tag="505" ind1=" " ind2=" ">
    <subfield code="a">CAPITULO I.ASPECTOS INTRODUCTORIOS
1.1. Planteamiento del problema de investigaci&#xF3;n 
1.2. Objetivos de la investigaci&#xF3;n 
1.3. Justificaci&#xF3;n de la investigaci&#xF3;n
CAPITULO II.MARCO DE REFERENCIA
2.1. Marco te&#xF3;rico
2.2. Marco contextual 
2.3. Contexto social 
CAPITULO III. DISE&#xD1;O METODOL&#xD3;GICO
3.1. Dise&#xF1;o Metodol&#xF3;gico 
CAPITULO IV. DESCRIPCI&#xD3;N Y AN&#xC1;LISIS DE INSTRUMENTOS PARA RESOLVER ECUACIONES TRASCENDENTES
4.1. Encuesta aplicada a docentes para la realizaci&#xF3;n del diagn&#xF3;stico 
CAPITULO V. PRESENTACI&#xD3;N DE LA ESTRATEGIA DID&#xC1;CTICA PROPUESTA
5.1. Fundamentos pedag&#xF3;gicos seleccionados para el dise&#xF1;o de estrategias 
5.2. Caracter&#xED;sticas generales sobre dise&#xF1;o de estrategias en matem&#xE1;tica 
CONCLUSIONES 
RECOMENDACIONES</subfield>
  </datafield>
  <datafield tag="520" ind1=" " ind2=" ">
    <subfield code="a">Resumen:
El presente proyecto consta de 5 cap&#xED;tulos en los que se van desarrollando, a partir del planteamiento del problema, todos los elementos que nos han encaminado a formular la propuesta, su implementaci&#xF3;n y aplicaci&#xF3;n; para finalizar haciendo un an&#xE1;lisis de los resultados que arroj&#xF3; la misma. En el cap&#xED;tulo I se plantea el problema en el cual se evidencia la deficiencia que se presenta en el proceso de ense&#xF1;anza aprendizaje de las ecuaciones trascendentes., pues con la metodolog&#xED;a tradicional los estudiantes, en su mayor&#xED;a, s&#xF3;lo se limitan a adquirir un conocimiento superficial de estos temas y se desentienden del an&#xE1;lisis, interpretaci&#xF3;n y aplicaci&#xF3;n de dichos conocimientos. En el cap&#xED;tulo II se presenta el marco de referencia el cual est&#xE1; orientado en el sentido de que no es suficiente que el docente realice sus construcciones mentales, sino que es preciso que cada estudiante lo logre, tambi&#xE9;n. En este se presenta una cronolog&#xED;a hist&#xF3;rica, social y conceptual que se debe conocer para poder introducir el cap&#xED;tulo III, en el cual se plantea la metodolog&#xED;a que se va a utilizar a trav&#xE9;s del an&#xE1;lisis comparativo y exploratorio. En el cap&#xED;tulo IV se presenta una descripci&#xF3;n y an&#xE1;lisis de instrumentos para resolver ecuaciones trascendentes y se aplican cada uno en casos de la vida real. En el cap&#xED;tulo V se describen estrategias que permitir&#xE1;n identificar y aplicar cada uno de los m&#xE9;todos a situaciones relacionadas con tema descrito anteriormente y luego se hacen las recomendaciones que pueden motivar a otros a continuar la presente investigaci&#xF3;n.</subfield>
  </datafield>
  <datafield tag="650" ind1=" " ind2=" ">
    <subfield code="a">Ecuaciones</subfield>
    <subfield code="9">86425</subfield>
  </datafield>
  <datafield tag="650" ind1=" " ind2=" ">
    <subfield code="a">Ecuaciones</subfield>
    <subfield code="x">-Aprendizaje</subfield>
    <subfield code="9">11967</subfield>
  </datafield>
  <datafield tag="650" ind1=" " ind2=" ">
    <subfield code="a">Matem&#xE1;ticas</subfield>
    <subfield code="x">-Estudio y ense&#xF1;anza</subfield>
    <subfield code="9">86426</subfield>
  </datafield>
  <datafield tag="650" ind1=" " ind2=" ">
    <subfield code="a">Universidad APEC</subfield>
    <subfield code="x">-Tesis</subfield>
    <subfield code="9">86427</subfield>
  </datafield>
  <datafield tag="700" ind1="1" ind2=" ">
    <subfield code="a">Valdez Coats, Carlos Robert</subfield>
    <subfield code="9">86400</subfield>
  </datafield>
  <datafield tag="856" ind1=" " ind2=" ">
    <subfield code="u">https://bibliotecaunapec.blob.core.windows.net/tesis/TPG_CI_MAS_06_2014_ET150090.pdf</subfield>
    <subfield code="y">Hacer clic para ver el PDF. (2.4 MB). Trabajo de Posgrado</subfield>
  </datafield>
  <datafield tag="912" ind1=" " ind2=" ">
    <subfield code="a">AJIM</subfield>
  </datafield>
  <datafield tag="942" ind1=" " ind2=" ">
    <subfield code="2">ddc</subfield>
    <subfield code="c">TES</subfield>
  </datafield>
  <datafield tag="999" ind1=" " ind2=" ">
    <subfield code="c">14437</subfield>
    <subfield code="d">14437</subfield>
  </datafield>
</record>
